000 00642nam a2200193 a 4500
001 ASIN0879091932
005 20150407010436.0
008 150407s1975 xxu eng d
020 _a0879091932 (hardcover)
020 _a9780879091934 (hardcover)
100 1 _aDeem, William.
245 1 0 _aDigital computers circuits and concepts /
_cWilliam Deem, etc.
250 _aFirst Edition.
260 _a[S.l.] :
_bReston Publishing,
_c1975.
300 _a376 p. ;
_c23 cm.
520 _aDigital Computers Circuits and Concepts.
700 1 _aetc.
856 4 0 _3Amazon.com
_uhttp://www.amazon.com/exec/obidos/ASIN/0879091932/chopaconline-20
999 _c12849
_d12849